Modern Family Quiz - Statistics

General Stats
  • This quiz has been taken 1,372 times
  • The average score is 7 of 35
Answer Stats
Hint: Answer: % Correct
What is the name of Lily's cat? Larry
75%
Who was Haley's first real boyfriend? Dylan
67%
Who portrays Phil? Ty Burrell
54%
Who is Mitch and Cam's 'very best friend'? Sal
52%
What is Cam's alter ego? Fizbo
50%
What did Jay get that made half of his face 'look like a candle'? Botox
44%
What is Claire's favourite celebration? Halloween
42%
What is Phil's alter ego? Clive Bixby
39%
Who is Haley's current boyfriend? Andy
35%
What did Gloria want for the New Years Eve countdown? Grapes
31%
'If you've got lemonade...'? Make lemons
25%
What does Phil give Haley when she leaves for college? Phil's-osophy
25%
What is the name of the number 1 realtor? Gill Thorpe
24%
'I would point to the states seal and say...'?(Mitchell) SHAME
24%
What did Mitch and Claire always want as kids? A dog
21%
Who portrays Mitchell? Jesse Tyler Ferguson
18%
In 'Chirp' what does Phil hear every time the smoke alarm sounds? You're not a man
16%
What does S.C.A.R.B stand for? Southern California Annual Realtors Banquet
15%
Who took Alex to prom? Michael
8%
Where did Phil and co. go on leap day? Trapeze
7%
What did Luke want for his birthday? A belt
6%
Phil would only be convinced Luke genuinely doesn't like magic if he does...? Butler's escape
6%
Who says city mouse? Country mice
6%
Name the episode where Manny does fencing En Garde
5%
Name Alex's boyfriend in 'The Kiss' Jeremy
3%
Where did Mitchell want to send Lily to preschool? Billingsley Academy
2%
What did Gloria's mum want to name Joe? Fulgencio Umberto Pritchett
2%
Why did Cam like Wagon Wheel? The duckies
2%
What colour/s is Phil and Claire's 'old wagon'? Brown and white
1%
'He better cool it or I'm gonna introduce him to...'?(Phil) Captain and Tennille
1%
What were Haley and Alex instead of 2 future Dunphy's? 2 bickering half sisters
0%
What did Claire get Phil on their anniversary? Coupons for hugs
0%
Why didn't Claire want Desiree to come over? She slept with two fathers from the school
0%
Why did Claire take down the Christmas tree near Christmas day? She thought one of her kids was smoking
0%
What did Phil first say he feared the most? That he's too much of a perfectionist
0%
No matching quizzes found
Score Distribution
Percent of People with Each Score
Percentile by Number Answered
Your Score History
You have not taken this quiz